LEADER 01474nam a2200325 a 4500 001 000000148943 003 CaOOAMICUS 005 20160129103727.0 008 160129s1991 fr u000 u fre r 020 $a2-7189-0492-5* 032 $aLibriCat 040 $aPUL$bita 100 1 $aBalthasar, Hans Urs von,$ccardinale,$d1905-1988.$0(OLS)http://pul/name/1429 245 14$aLes grands textes sur le Christ /$cHans Urs von Balthasar ; guide de lecture de G. Chantraine ; postface de J. Doré. 260 $aParis :$bDesclée,$c©1991$aTournai et Proost :$bGedit 300 $a322 p. ;$c23 cm. 490 1 $aJésus et Jésus-Christ ;$v50 504 $aInclude riferimenti bibliografici 600 04$aIesus Christus$xCritica e interpretazione.$0(OLS)http://pul/subject/1968 700 1 $aDoré, Joseph,$d1936-$0(OLS)http://pul/name/27752 700 1 $aChantraine, George,$cS.I.$0(OLS)http://pul/name/5756 830 0$aJésus et Jésus-Christ ;$v50.$0(OLS)http://pul/title/47889 850 $aPUL 852 $aPUL$W1$xDP1 Fondo Bordoni$y120$m3 F 47$j166634$qFondi$B173158$CPULBib$Z2$F173158 $HBor621 $81 941 1 $a1 996 $6020$a2-7189-0492-5*$9(OLS)http://pul/number/159497 996 $6245$aLes grands textes sur le Christ$9(OLS)http://pul/title/187811 996 $6260$aParis :$bDesclée$9(OLS)http://pul/publisher/54080 996 $6260$aTournai et Proost :$bGedit$9(OLS)http://pul/publisher/84475 LEADER 01859nam a2200349 u 4500 001 000000086125 003 CaOOAMICUS 005 20150205132001.0 008 050926m19411949it u000 u ita u 035 $a11059953 040 $aPUL(R)$bita 041 1 $aita$alat 100 1 $aPlautus, Titus Maccius,$dm. 184 a.C.$0(OLS)http://pul/name/13889 240 10$aGruppi, scelte$9(Plautus, Titus Maccius, m. 184 a.C.).$lItaliano e latino.$0(OLS)http://pul/title/111650 245 10$aCommedie /$ctesto e versione poetica di Guido Vitali. 260 $aBologna :$bZanichelli,$c1941-1949- 300 $a3 v.$c20 cm 490 1 $aPoeti di Roma 505 1 $av. 1 Aularia ; Miles Gloriosus. 1941. -- v. 2 Bacchides ; Captivi. 1949.--v.3 Commedie. 700 1 $aVitali, Guido.$0(OLS)http://pul/name/11847 830 0$aPoeti di Roma.$0(OLS)http://pul/title/18025 850 $aPUL 852 $aPUL$W1$xDP1 Fondo Cecchetti$y53$m293 D 40$j109363$nBK-PRI$qFondi$B109363$CPULBib$Z2$F109363 $HPUL3338 $82 852 $aPUL$W1$xDP1 Fondo Cecchetti$y53$m293 D 41$j163480$nBK-PRI$qFondi$B109364$CPULBib$Z2$F109364 $H3339 $82 852 $aPUL$W1$xDP1 Fondo Capitani$y116$m9 B 29.1$j163481$qFondi$B163423$CPULBib$Z2$F163423 $HCap996 $82 852 $aPUL$W1$xDP1 Fondo Capitani$y116$m9 B 29.2$j163482$qFondi$B163424$CPULBib$Z2$F163424 $HCap997 $82 852 $aPUL$W1$xDP1 Fondo Capitani$y116$m9 B 29.3$j163483$qFondi$B163425$CPULBib$Z2$F163425 $HCap998 $82 900 $aPlauto, Tito Maccio,$dm. 184 a.C.$913889 900 $aTitus Maccius Plautus,$dm. 184 a.C.$913889 941 1 $a1 996 $6245$aCommedie$9(OLS)http://pul/title/111651 996 $6260$aBologna :$bZanichelli$9(OLS)http://pul/publisher/48255